Haryana at crossroads: (Record no. 11335)

MARC details
000 -LEADER
fixed length control field 00743 a2200217 4500
010 ## - LIBRARY OF CONGRESS CONTROL NUMBER
LC control number ENG-89773
020 ## - INTERNATIONAL STANDARD BOOK NUMBER
International Standard Book Number 8123749952
Terms of availability 60.00
035 ## - SYSTEM CONTROL NUMBER
System control number EN-73306
037 ## - SOURCE OF ACQUISITION
Source of stock number/acquisition DBAD / PUB
082 14 - DEWEY DECIMAL CLASSIFICATION NUMBER
Classification number 954.14
090 ## - LOCALLY ASSIGNED LC-TYPE CALL NUMBER (OCLC); LOCAL CALL NUMBER (OCLC)
-- 11653
-- 11653
100 1# - MAIN ENTRY--PERSONAL NAME
Personal name Chaudhry, D.R.
245 1# - TITLE STATEMENT
Title Haryana at crossroads:
Statement of responsibility, etc by D.R. Chaudhry
Remainder of title problems and prospects/
260 ## - PUBLICATION, DISTRIBUTION, ETC. (IMPRINT)
Place of publication, distribution, etc New Delhi
Name of publisher, distributor, etc National Book Trust, India
Date of publication, distribution, etc 2007
270 ## - ADDRESS
Address A-5, Green Park
City New Delhi
State or province New Delhi
Postal code 110 016
300 ## - PHYSICAL DESCRIPTION
Extent xi, 149p.
Dimensions 22 cm. (pbk)
490 ## - SERIES STATEMENT
Series statement India-the land and the people
500 ## - GENERAL NOTE
General note Includes bibliographical references
942 ## - ADDED ENTRY ELEMENTS (KOHA)
Institution code [OBSOLETE] dpl
Koha item type English Books
Call number prefix 954.14/ CHA
Holdings
Withdrawn status Lost status Source of classification or shelving scheme Damaged status Not for loan Collection code Home library Current library Source of acquisition Cost, normal purchase price Total Checkouts Full call number Barcode Date last seen Copy number Uniform Resource Identifier Cost, replacement price Price effective from Koha item type
    Dewey Decimal Classification   Not For Loan Non-fiction D.B.Act.Division D.B.Act.Division DBAD/PUB 60.00   954.14 EN-73306 15/09/2008 1 12446 60.00 15/09/2008 English Books

© Delhi Public Library
Hit Counter
free hit counter